00331nam a2200121 a 450000500170000000800410001705000200005824500260007826000320010444000340013650000250017065000140019520140513081057.0070925s19uu xx 00 eng d aVCDbWr954 2001 aThe Wright brothers/. aPhilippines :bNest,c2001. aThe Animated stories classics aRun time: 30 minutes aScientist